Das Zeitalter der Fugger : (Record no. 23585)

MARC details
000 -LEADER
fixed length control field 00799cam a22002411a 4500
001 - CONTROL NUMBER
control field g 01000906
003 - CONTROL NUMBER IDENTIFIER
control field DLC
005 - DATE AND TIME OF LATEST TRANSACTION
control field 20260227111253.0
008 - FIXED-LENGTH DATA ELEMENTS--GENERAL INFORMATION
fixed length control field 810603s1896 gw 000 0 ger
010 ## - LIBRARY OF CONGRESS CONTROL NUMBER
LC control number g 01000906
035 ## - SYSTEM CONTROL NUMBER
System control number (OCoLC)7471660
040 ## - CATALOGING SOURCE
Original cataloging agency DLC
Transcribing agency KU
Modifying agency KU
-- DLC
042 ## - AUTHENTICATION CODE
Authentication code premarc
050 00 - LIBRARY OF CONGRESS CALL NUMBER
Classification number HC45
Item number .E6
100 1# - MAIN ENTRY--PERSONAL NAME
Personal name Ehrenberg, Richard,
Dates associated with a name 1857-1921.
245 14 - TITLE STATEMENT
Title Das Zeitalter der Fugger :
Remainder of title Geldkapital und Creditverkehr im 16. Jahrhundert /
Statement of responsibility, etc. von Richard Ehrenberg.
260 ## - PUBLICATION, DISTRIBUTION, ETC.
Place of publication, distribution, etc. Jena :
Name of publisher, distributor, etc. G. Fischer,
Date of publication, distribution, etc. 1896.
300 ## - PHYSICAL DESCRIPTION
Extent 2 v. ;
Dimensions 24 cm.
505 0# - FORMATTED CONTENTS NOTE
Formatted contents note Bd. 1. Die Geldmächte des 16. Jahrhunderts -- Bd. 2. Die Weltbörsen und Finanzkrisen des 16. Jahrhunderts.
600 30 - SUBJECT ADDED ENTRY--PERSONAL NAME
Personal name Fugger family.
650 #0 - SUBJECT ADDED ENTRY--TOPICAL TERM
Topical term or geographic name entry element Commerce
General subdivision History.
650 #0 - SUBJECT ADDED ENTRY--TOPICAL TERM
Topical term or geographic name entry element Banks and banking
General subdivision History.

No items available.

Powered by Koha